Statistics for Bandas Norteñas

Click here to take the quiz!

General Stats

  • This quiz has been taken 7 times
  • The average score is 7 of 20

Answer Stats

Hint Answer % Correct
"Te Amo (Para Siempre)"Intocable
75%
"Muchacho de Campo"Voz de Mando
75%
"Y Te Vas"Banda Carnaval
75%
"El Inmigrante"Calibre 50
75%
"Mi Razón de Ser"Banda Sinaloense MS de Sergio Lizárraga
50%
"El Ruido de tus Zapatos"La Arrolladora Banda el Limón de René Camacho
50%
"Derecho de Antigüedad"La Original Banda el Limón de Salvador Lizárraga
50%
"Vas a Llorar por Mí"Banda el Recodo de Cruz Lizárraga
50%
"La Puerta Negra"Los Tigres del Norte
50%
"Tú No Tienes la Culpa"Julión Álvarez y su Norteño Banda
50%
"Perdona Mis Errores"El Coyote y su Banda Tierra Santa
25%
"Locos Desde Ayer"Los Inquietos del Norte
25%
"Entre Puras Botellas"Dinastía Norteña
25%
"365 Días"Los Tucanes de Tijuana
25%
"Mi Complemento"Los Huracanes del Norte
25%
"Por Tu Amor"Alacranes Musical
0%
"Te Aprovechas"Grupo Límite
0%
"No Volveré"Grupo Exterminador
0%
"Perdóname, Mi Amor"Conjunto Primavera
0%
"Mi Último Deseo"Banda los Recoditos
0%

Score Distribution

Percentile by Number Answered

Percent of People with Each Score

Your Score History

You have not taken this quiz